000 00477nam a22002057a 4500
003 UA-OsUOA
001 48265
007 ta
008 20070903b un ||||| |||| 00| 0 ukr d
090 _a2
_bП84
942 _cBK
040 _aUA-OsUOA
_bukr
_cUA-OsUOA
_dUA-OsUOA
245 _aПрочанин миру та надії
955 _a0
041 _aukr
080 _a2
260 _aК.
_c2004
650 7 _a2 Релігія. Теологія.
_2UDC
999 _c334366
_d334366